| 000 | 01347nam a2200313 a 4500 | ||
|---|---|---|---|
| 001 | ebr10285491 | ||
| 003 | CaPaEBR | ||
| 006 | m u | ||
| 007 | cr cn||||||||| | ||
| 008 | 090514s2008 ne a sb 100 0 eng d | ||
| 020 | _z9781586039455 | ||
| 040 |
_aCaPaEBR _cCaPaEBR |
||
| 035 | _a(OCoLC)491261540 | ||
| 050 | 1 | 4 |
_aTA174 _b.D47 2008eb |
| 245 | 0 | 0 |
_aDesign processes _h[electronic resource] : _bwhat architects & industrial designers can teach each other about managing the design process / _cedited by Wim Poelman and David Keyson. |
| 260 |
_aAmsterdam : _bIOS Press, _c2008. |
||
| 300 |
_a122 p. : _bill. |
||
| 504 | _aIncludes bibliographical references. | ||
| 533 |
_aElectronic reproduction. _bPalo Alto, Calif. : _cebrary, _d2013. _nAvailable via World Wide Web. _nAccess may be limited to ebrary affiliated libraries. |
||
| 650 | 0 |
_aEngineering design _xMethodology _vCongresses. |
|
| 650 | 0 |
_aArchitectural design _xMethodology _vCongresses. |
|
| 650 | 0 |
_aIndustrial design _xMethodology _vCongresses. |
|
| 650 | 0 |
_aDesign _xMethodology _vCongresses. |
|
| 655 | 7 |
_aElectronic books. _2local |
|
| 700 | 1 | _aPoelman, W. A. | |
| 700 | 1 |
_aKeyson, David Victor, _d1962- |
|
| 710 | 2 | _aebrary, Inc. | |
| 856 | 4 | 0 |
_uhttp://site.ebrary.com/lib/rucke/Doc?id=10285491 _zAn electronic book accessible through the World Wide Web; click to view |
| 999 |
_c1966 _d1966 |
||